Loading...
| Fine Arts - Classical Music | 0 | 7 | 1 | 0 | 65 | 63 | 101.57 | 0 | 3 |
| Fine Arts - Painting and Sculpture | 0 | 4 | 0 | 0 | 40 | 62 | 99.50 | 1 | 2 |
| Fine Arts - Other Fine Arts | 0 | 3 | 0 | 0 | 30 | 17 | 47.67 | 2 | 3 |
| Science - Biology | 0 | 3 | 0 | 1 | 30 | 78 | 95.67 | 0 | 1 |
| Literature - American Literature | 0 | 3 | 0 | 0 | 30 | 139 | 142.33 | 0 | 0 |
| Literature - European Literature | 0 | 3 | 1 | 0 | 25 | 48 | 89.00 | 1 | 2 |
| Literature - British Literature | 0 | 2 | 0 | 1 | 20 | 125 | 136.00 | 0 | 0 |
| Literature - World Literature | 0 | 2 | 0 | 0 | 20 | 125 | 134.50 | 0 | 1 |
| Mythology | 0 | 1 | 0 | 0 | 10 | 144 | 144.00 | 0 | 0 |
| Philosophy | 0 | 1 | 0 | 0 | 10 | 49 | 49.00 | 0 | 1 |
| Pop Culture | 0 | 1 | 0 | 0 | 10 | 58 | 58.00 | 1 | 1 |
| Geography | 0 | 1 | 0 | 0 | 10 | 82 | 82.00 | 0 | 0 |
| Social Science | 0 | 1 | 0 | 0 | 10 | 124 | 124.00 | 0 | 0 |